[Event "42. Torneo Capablanca In Memoriam-Open"]
[Site "La Habana CUB"]
[Date "2007.05.22"]
[Round "5.5"]
[White "Baron Rodriguez, Jesus"]
[Black "Alvarez Pedraza, Aramis"]
[Result "1-0"]
[WhiteElo "2431"]
[BlackElo "2449"]
[PlyCount "96"]
[EventDate "2007.05.18"]
[EventType "swiss"]
[EventRounds "9"]
[EventCountry "CUB"]
[Source "lmi"]
[SourceDate "2007.05.18"]

1. e4 c5 2. Nf3 e6 3. d4 cxd4 4. Nxd4 a6 5. Nc3 Qc7 6. Bd3 Nf6 7. f4 d6 8. Nf3
b5 9. a3 Bb7 10. O-O Nc6 11. Qe1 Be7 12. Qg3 g6 13. Bd2 b4 14. axb4 Nxb4 15.
Kh1 d5 16. e5 Ne4 17. Bxe4 dxe4 18. Ng5 Nxc2 19. Rac1 Qc4 20. Rfd1 Qd3 21. Qf2
Rc8 22. Be1 e3 23. Rxd3 exf2 24. Bxf2 Nb4 25. Rdd1 O-O 26. Nge4 Bxe4 27. Nxe4
Rxc1 28. Rxc1 Rb8 29. Ba7 Rb7 30. Bd4 Nd3 31. Rc8+ Kg7 32. Nd6 Rb4 33. Bc3 Ra4
34. g3 Nf2+ 35. Kg2 Nd1 36. Rc7 Ne3+ 37. Kf3 Nd5 38. Rc8 Ra2 39. Ne8+ Kh6 40.
g4 g5 41. f5 Ra4 42. f6 Rf4+ 43. Kg3 Bb4 44. Nd6 Nxf6 45. Nxf7+ Kg7 46. Nxg5
Rxg4+ 47. Kf3 Kg6 48. exf6 Bxc3 1-0

[Event "42. Torneo Capablanca In Memoriam-Open"]
[Site "La Habana CUB"]
[Date "2007.05.22"]
[Round "5.6"]
[White "Otero, Diasmany"]
[Black "Cordova, Emilio"]
[Result "1-0"]
[WhiteElo "2366"]
[BlackElo "2507"]
[PlyCount "94"]
[EventDate "2007.05.18"]
[EventType "swiss"]
[EventRounds "9"]
[EventCountry "CUB"]
[Source "lmi"]
[SourceDate "2007.05.18"]

1. d4 Nf6 2. c4 e6 3. Nc3 Bb4 4. e3 O-O 5. Nge2 Re8 6. a3 Bf8 7. g3 d5 8. cxd5
exd5 9. Bg2 c6 10. O-O a5 11. h3 b5 12. Nf4 Ba6 13. Nce2 Nbd7 14. Nd3 b4 15. b3
Qb6 16. Re1 Ne4 17. axb4 axb4 18. Bb2 Bb5 19. Qc2 Rac8 20. Ne5 Nb8 21. f3 Nd6
22. Nf4 Rc7 23. Qf2 f6 24. Ng4 Rce7 25. h4 Nd7 26. h5 Qd8 27. Qc2 f5 28. Ne5
Nxe5 29. dxe5 Rxe5 30. Bxe5 Rxe5 31. Bf1 Qb6 32. Qd2 Re8 33. Bxb5 Nxb5 34. Qd3
Re5 35. Kf2 Qd8 36. Ra6 Qe8 37. Rc1 Nc3 38. Rca1 Nb5 39. Ra8 Qd7 40. R1a6 Qb7
41. Qc2 Nc7 42. R8a7 Qb8 43. Qxc6 Nxa6 44. Ra8 Qxa8 45. Qxa8 Nc5 46. Nxd5 Nd3+
47. Kf1 f4 1-0

[Event "42. Torneo Capablanca In Memoriam-Open"]
[Site "La Habana CUB"]
[Date "2007.05.22"]
[Round "5.7"]
[White "Martinez, Lelys"]
[Black "Corrales Jimenez, Fidel"]
[Result "0-1"]
[WhiteElo "2400"]
[BlackElo "2479"]
[PlyCount "70"]
[EventDate "2007.05.18"]
[EventType "swiss"]
[EventRounds "9"]
[EventCountry "CUB"]
[Source "lmi"]
[SourceDate "2007.05.18"]

1. e4 c5 2. Nf3 Nc6 3. Nc3 e6 4. Bb5 Nge7 5. O-O a6 6. Bxc6 Nxc6 7. d4 cxd4 8.
Nxd4 Qc7 9. Re1 Bd6 10. Nd5 exd5 11. exd5+ Ne5 12. f4 O-O 13. fxe5 Bxe5 14. Nf3
Bf6 15. d6 Qc6 16. Bf4 Bxb2 17. Rb1 Bc3 18. Re7 Bf6 19. Kh1 b6 20. Ne5 Qc5 21.
Qf3 Ra7 22. Rxf7 Rxf7 23. Nxf7 Kxf7 24. Qb3+ Kf8 25. Re1 Qh5 26. Qxb6 Rb7 27.
Qxa6 Rb8 28. Qa7 Qb5 29. h3 Qb6 30. Qa3 Bb7 31. Qg3 Re8 32. Rxe8+ Kxe8 33. Be5
Qb1+ 34. Kh2 Qf1 35. Bf4 Bxg2 0-1

[Event "42. Torneo Capablanca In Memoriam-Open"]
[Site "La Habana CUB"]
[Date "2007.05.22"]
[Round "5.9"]
[White "Leon Hoyos, Manuel"]
[Black "Alonso Moyano, Jonathan"]
[Result "1-0"]
[WhiteElo "2454"]
[BlackElo "2365"]
[PlyCount "65"]
[EventDate "2007.05.18"]
[EventType "swiss"]
[EventRounds "9"]
[EventCountry "CUB"]
[Source "lmi"]
[SourceDate "2007.05.18"]

1. e4 c5 2. Nf3 d6 3. d4 cxd4 4. Nxd4 Nf6 5. Nc3 g6 6. Be3 Bg7 7. f3 Nc6 8. Qd2
O-O 9. Bc4 Bd7 10. h4 Ne5 11. Bb3 h5 12. O-O-O Rc8 13. Bg5 Rc5 14. f4 Nc4 15.
Qd3 Ng4 16. Nd5 Nf2 17. Qe2 Nxh1 18. Nxe7+ Kh7 19. Nxg6 f6 20. Rxh1 Bg4 21. Qd3
Kxg6 22. e5+ Kf7 23. exf6 Bxf6 24. Bxc4+ Kg7 25. Be6 Qe7 26. Bxg4 hxg4 27. Nf5+
Rxf5 28. Qxf5 Bxg5 29. Qxg5+ Qxg5 30. fxg5 g3 31. h5 Rf2 32. h6+ Kh8 33. Re1
1-0

[Event "42. Torneo Capablanca In Memoriam-Open"]
[Site "La Habana CUB"]
[Date "2007.05.22"]
[Round "5.10"]
[White "Prasca, Raphael"]
[Black "Iturrizaga, Eduardo"]
[Result "1/2-1/2"]
[WhiteElo "2439"]
[BlackElo "2398"]
[PlyCount "20"]
[EventDate "2007.05.18"]
[EventType "swiss"]
[EventRounds "9"]
[EventCountry "CUB"]
[Source "lmi"]
[SourceDate "2007.05.18"]

1. d4 d5 2. c4 c6 3. cxd5 cxd5 4. Nc3 Nc6 5. Nf3 Nf6 6. Bf4 e6 7. e3 Bd6 8.
Bxd6 Qxd6 9. Bd3 O-O 10. O-O Bd7 1/2-1/2

[Event "42. Torneo Capablanca In Memoriam-Open"]
[Site "La Habana CUB"]
[Date "2007.05.22"]
[Round "5.11"]
[White "Leyva Proenza, Ricardo"]
[Black "Barrientos, Sergio"]
[Result "1-0"]
[WhiteElo "2360"]
[BlackElo "2428"]
[PlyCount "95"]
[EventDate "2007.05.18"]
[EventType "swiss"]
[EventRounds "9"]
[EventCountry "CUB"]
[Source "lmi"]
[SourceDate "2007.05.18"]

1. e4 c5 2. Nf3 Nc6 3. d4 cxd4 4. Nxd4 Nf6 5. Nc3 e5 6. Ndb5 d6 7. Bg5 a6 8.
Na3 b5 9. Nd5 Be7 10. Bxf6 Bxf6 11. c3 Bg5 12. Nc2 Ne7 13. a4 bxa4 14. Ncb4 Bd7
15. Bxa6 O-O 16. O-O Nxd5 17. Qxd5 Qb6 18. Bc4 Kh8 19. Rfd1 Be7 20. Qd3 Be6 21.
Bd5 Rac8 22. Rxa4 Bd7 23. Qa6 Qd8 24. Bc6 f5 25. Bxd7 Qxd7 26. exf5 Qxf5 27.
Qe2 Bh4 28. g3 Be7 29. Nd5 Bd8 30. Ra6 Qe6 31. Qe4 Bg5 32. Kg2 Qf7 33. Rf1 Qd7
34. c4 h6 35. b4 Bd8 36. Rc1 Rf7 37. Rc3 Rf8 38. Rca3 Qe6 39. h4 Kg8 40. Ra7
Rf7 41. R3a6 Bc7 42. Nxc7 Rfxc7 43. Rxc7 Rxc7 44. c5 Rd7 45. c6 Rc7 46. b5 d5
47. Ra8+ Kf7 48. Qh7 1-0

[Event "42. Torneo Capablanca In Memoriam-Open"]
[Site "La Habana CUB"]
[Date "2007.05.22"]
[Round "5.12"]
[White "Perez Garcia, Rodney"]
[Black "Diamant, Andre"]
[Result "1/2-1/2"]
[WhiteElo "2421"]
[BlackElo "2384"]
[PlyCount "37"]
[EventDate "2007.05.18"]
[EventType "swiss"]
[EventRounds "9"]
[EventCountry "CUB"]
[Source "lmi"]
[SourceDate "2007.05.18"]

1. e4 c5 2. Nf3 e6 3. Nc3 Nc6 4. Bb5 Nge7 5. O-O a6 6. Bxc6 Nxc6 7. d4 cxd4 8.
Nxd4 Qc7 9. Nxc6 dxc6 10. Be3 Bd6 11. Na4 c5 12. Qh5 b5 13. Nc3 Bb7 14. Rae1
Be7 15. Bg5 O-O 16. Bxe7 Qxe7 17. Qe2 Rfd8 18. Qe3 h6 19. f3 1/2-1/2

[Event "42. Torneo Capablanca In Memoriam-Open"]
[Site "La Habana CUB"]
[Date "2007.05.22"]
[Round "5.13"]
[White "Ortega, Mariano"]
[Black "Cabrera Trujillo, Jorge"]
[Result "1/2-1/2"]
[WhiteElo "2417"]
[BlackElo "2334"]
[PlyCount "126"]
[EventDate "2007.05.18"]
[EventType "swiss"]
[EventRounds "9"]
[EventCountry "CUB"]
[Source "lmi"]
[SourceDate "2007.05.18"]

1. Nf3 Nf6 2. d4 g6 3. c4 Bg7 4. Nc3 O-O 5. e4 d6 6. Be2 e5 7. O-O Nc6 8. d5
Ne7 9. b4 Nh5 10. Re1 f5 11. Ng5 Nf6 12. Bf3 Rb8 13. Bb2 h6 14. Ne6 Bxe6 15.
dxe6 Qc8 16. Nd5 Qxe6 17. Nxc7 Qd7 18. Nd5 Nfxd5 19. cxd5 Kh8 20. a4 Ng8 21. b5
Nf6 22. Rc1 Rbc8 23. Qd3 Rxc1 24. Bxc1 Rc8 25. Ba3 Bf8 26. h3 Kg7 27. Rc1 Rxc1+
28. Bxc1 Qc7 29. Bd2 f4 30. g3 g5 31. gxf4 gxf4 32. a5 Nd7 33. Bg4 Nc5 34. Qf3
Kh8 35. Bf5 Qg7+ 36. Kf1 Qg5 37. Bb4 Qh4 38. Qd1 Qe7 39. Qh5 b6 40. Qg6 Qg7 41.
Qh5 Qe7 42. a6 Nd3 43. Ba3 Qf6 44. Ke2 Nc5 45. Bb4 Nb3 46. Kd3 Nd4 47. Bd7 Qe7
48. Qg4 Bg7 49. Bc3 Nb3 50. Bf5 Nc5+ 51. Kc2 Qe8 52. Bg6 Qd8 53. Kb1 Qc7 54.
Bb2 Qd7 55. Qxd7 Nxd7 56. Kc2 Bf6 57. Bc3 Be7 58. Kd3 Kg7 59. Bf5 Nc5+ 60. Ke2
Kf6 61. Kf3 Kg5 62. Bb4 Nb3 63. Kg2 h5 1/2-1/2

[Event "42. Torneo Capablanca In Memoriam-Open"]
[Site "La Habana CUB"]
[Date "2007.05.22"]
[Round "5.14"]
[White "Aguero, Luis Lazaro"]
[Black "Needleman, Gaston"]
[Result "1/2-1/2"]
[WhiteElo "2263"]
[BlackElo "2416"]
[PlyCount "175"]
[EventDate "2007.05.18"]
[EventType "swiss"]
[EventRounds "9"]
[EventCountry "CUB"]
[Source "lmi"]
[SourceDate "2007.05.18"]

1. e4 c5 2. Nf3 e6 3. d4 cxd4 4. Nxd4 Nc6 5. Nb5 d6 6. c4 Nf6 7. N1c3 a6 8. Na3
Be7 9. Be2 b6 10. O-O Bb7 11. Be3 Nb8 12. f3 Nbd7 13. Qd2 O-O 14. Nc2 Rc8 15.
Bf2 Qc7 16. Ne3 Qb8 17. Rfd1 Bd8 18. Bg3 Ne5 19. Qxd6 Bc7 20. Qd2 Nh5 21. Bf2
Nf4 22. Qe1 g5 23. Nf1 Qa8 24. Be3 f5 25. Bxf4 gxf4 26. Nd2 b5 27. cxb5 Bb6+
28. Kh1 axb5 29. Bxb5 Be3 30. Qe2 Kh8 31. Nc4 Nxc4 32. Bxc4 fxe4 33. Nxe4 Bxe4
34. fxe4 Qxe4 35. Bd3 Qe5 36. Qf3 Rf6 37. Qb7 Rc7 38. Qb8+ Kg7 39. Bxh7 Kh6 40.
Bd3 Kg7 41. Bh7 Kh6 42. Bd3 Kg7 43. Be2 Qc5 44. Bf3 Rf8 45. Qb3 Kf6 46. Rd3 Qe5
47. Rf1 Rc1 48. Bd1 Kg5 49. Qb7 Rh8 50. Qe7+ Kg6 51. Rd7 Rxh2+ 52. Kxh2 Qh8+
53. Qh7+ Qxh7+ 54. Rxh7 Kxh7 55. Be2 Rc6 56. Bd3+ Kg7 57. Kh3 Rd6 58. Rd1 Kf6
59. Kg4 Rd8 60. Kf3 Rg8 61. Be4 Ke5 62. Bb7 Rg7 63. Bc6 Rc7 64. Ba4 Ra7 65. b3
Rc7 66. Re1 Rc2 67. Re2 Rc1 68. Bb5 Kd4 69. a4 e5 70. Ra2 Rg1 71. Kg4 e4 72.
Kf5 f3 73. gxf3 exf3 74. Ke6 f2 75. a5 Kc3 76. a6 Ba7 77. Ra4 f1=Q 78. Bxf1
Rxf1 79. Rc4+ Kxb3 80. Rc7 Be3 81. Kd7 Rf6 82. Rc6 Rf7+ 83. Kc8 Ra7 84. Re6 Bc5
85. Kb8 Kb4 86. Rc6 Rh7 87. Kc8 Kb5 88. Rc7 1/2-1/2

[Event "42. Torneo Capablanca In Memoriam-Open"]
[Site "La Habana CUB"]
[Date "2007.05.22"]
[Round "5.15"]
[White "Gomez Garrido, Camilo"]
[Black "Diaz Diaz, Joaquin Carlos"]
[Result "1-0"]
[WhiteElo "2413"]
[BlackElo "2323"]
[PlyCount "119"]
[EventDate "2007.05.18"]
[EventType "swiss"]
[EventRounds "9"]
[EventCountry "CUB"]
[Source "lmi"]
[SourceDate "2007.05.18"]

1. e4 c5 2. Nf3 a6 3. c4 d6 4. d4 Bg4 5. dxc5 Bxf3 6. gxf3 Qa5+ 7. Bd2 Qxc5 8.
Nc3 e6 9. Be3 Qc7 10. Rc1 Nd7 11. Be2 Ngf6 12. Rg1 g6 13. Qd2 Rd8 14. f4 Be7
15. h4 O-O 16. h5 Nc5 17. Bf3 Qc6 18. hxg6 fxg6 19. Qe2 Ne8 20. f5 Ng7 21. fxg6
Nd7 22. gxh7+ Kh8 23. Bh1 Ne5 24. b3 Qe8 25. Kd2 Nh5 26. Rg8+ Rxg8 27. hxg8=Q+
Kxg8 28. Rg1+ Ng7 29. Kc2 Nc6 30. e5 Nxe5 31. Be4 Bf6 32. f4 Nd7 33. Qh2 Nf8
34. f5 d5 35. Bd3 exf5 36. Qh6 Qe5 37. Bd2 Nfe6 38. Nxd5 Qb2+ 39. Kd1 Rxd5 40.
cxd5 Qa1+ 41. Bc1 Nc5 42. Qe3 Qd4 43. Qxd4 Bxd4 44. Rg3 Kf7 45. Bh6 Be5 46. Rf3
Nxd3 47. Rxd3 Ne8 48. Re3 Bd4 49. Rf3 Kf6 50. Bf4 Bc5 51. Rh3 Bd6 52. Rh6+ Ke7
53. Re6+ Kd7 54. Rxe8 Bxf4 55. Re6 Bd6 56. Ke2 f4 57. Kf3 Bc7 58. Ke4 Bd6 59.
Rf6 Ke7 60. Rxf4 1-0

[Event "42. Torneo Capablanca In Memoriam-Open"]
[Site "La Habana CUB"]
[Date "2007.05.22"]
[Round "5.16"]
[White "Ruiz, Orlen"]
[Black "Blanco, Humberto"]
[Result "1/2-1/2"]
[WhiteElo "2321"]
[BlackElo "2405"]
[PlyCount "76"]
[EventDate "2007.05.18"]
[EventType "swiss"]
[EventRounds "9"]
[EventCountry "CUB"]
[Source "lmi"]
[SourceDate "2007.05.18"]

1. e4 e5 2. Nf3 Nc6 3. Bb5 a6 4. Ba4 Nf6 5. O-O Be7 6. Re1 b5 7. Bb3 d6 8. c3
O-O 9. h3 Nb8 10. d4 Nbd7 11. Nbd2 Bb7 12. Bc2 Re8 13. Nf1 Bf8 14. Ng3 g6 15.
b3 Bg7 16. d5 Rc8 17. c4 c6 18. Bg5 h6 19. Be3 Kh7 20. Qd2 Nb6 21. Rab1 Qc7 22.
Rec1 bxc4 23. Bxb6 Qxb6 24. bxc4 Qc7 25. Ba4 Nd7 26. Rxb7 Qxb7 27. dxc6 Rxc6
28. Bxc6 Qxc6 29. Qd5 Qxd5 30. cxd5 Nc5 31. Rb1 h5 32. Rb6 Rd8 33. Nd2 h4 34.
Ngf1 Bh6 35. f3 Rd7 36. Nc4 Bf8 37. Na5 Be7 38. Nc6 Bg5 1/2-1/2

[Event "42. Torneo Capablanca In Memoriam-Open"]
[Site "La Habana CUB"]
[Date "2007.05.22"]
[Round "5.17"]
[White "Santos, Marcus Vinicius Mor"]
[Black "Larduet Despaigne, Carlos"]
[Result "1/2-1/2"]
[WhiteElo "2401"]
[BlackElo "2286"]
[PlyCount "67"]
[EventDate "2007.05.18"]
[EventType "swiss"]
[EventRounds "9"]
[EventCountry "CUB"]
[Source "lmi"]
[SourceDate "2007.05.18"]

1. d4 Nf6 2. c4 e6 3. Nc3 d5 4. cxd5 exd5 5. Bg5 Nbd7 6. e3 Be7 7. Bd3 c6 8.
Qc2 O-O 9. Nge2 Re8 10. O-O Nf8 11. f3 g6 12. Rad1 Ne6 13. Bh4 Nh5 14. Bf2 f5
15. h3 Nf6 16. e4 Ng7 17. exd5 Nxd5 18. Nxd5 cxd5 19. Bg3 Bd7 20. Be5 Bc6 21.
Nc3 Bf6 22. f4 Ne6 23. Qf2 Kg7 24. Bb1 Nc7 25. Bd3 Rf8 26. g4 fxg4 27. hxg4 Ne6
28. Ne2 Kg8 29. f5 Ng5 30. Nf4 gxf5 31. Bxf5 Bxe5 32. dxe5 d4 33. Qe2 Qb6 34.
Kh2 1/2-1/2

[Event "42. Torneo Capablanca In Memoriam-Open"]
[Site "La Habana CUB"]
[Date "2007.05.22"]
[Round "5.20"]
[White "Morales, Pedro"]
[Black "Fernandez Garcia, Jose Luis"]
[Result "1/2-1/2"]
[WhiteElo "2340"]
[BlackElo "2467"]
[PlyCount "77"]
[EventDate "2007.05.18"]
[EventType "swiss"]
[EventRounds "9"]
[EventCountry "CUB"]
[Source "lmi"]
[SourceDate "2007.05.18"]

1. e4 e5 2. Nf3 Nc6 3. Bb5 a6 4. Ba4 Nf6 5. O-O Be7 6. Re1 b5 7. Bb3 d6 8. c3
O-O 9. h3 Bb7 10. d4 Nd7 11. Nbd2 Bf6 12. Nf1 Re8 13. d5 Na5 14. Bc2 Nb6 15. b3
Bc8 16. Ne3 Bd7 17. Re2 Nb7 18. a4 bxa4 19. bxa4 a5 20. Ba3 Rf8 21. Rb1 Ra7 22.
Ng4 Nc4 23. Nxf6+ Qxf6 24. Bc1 Nc5 25. Nd4 Bxa4 26. Bxa4 exd4 27. cxd4 Nxa4 28.
Qxa4 Qxd4 29. Be3 Qd3 30. Bxa7 Qxe2 31. Rc1 Nb6 32. Qxa5 Qxe4 33. Bxb6 cxb6 34.
Qxb6 Qxd5 35. Rc6 Re8 36. Rxd6 Re1+ 37. Kh2 Qe5+ 38. g3 h5 39. Qd4 1/2-1/2

[Event "42. Torneo Capablanca In Memoriam-Open"]
[Site "La Habana CUB"]
[Date "2007.05.22"]
[Round "5.21"]
[White "Rasmussen, Karsten"]
[Black "Sariego, Wilfredo"]
[Result "1/2-1/2"]
[WhiteElo "2462"]
[BlackElo "2328"]
[PlyCount "100"]
[EventDate "2007.05.18"]
[EventType "swiss"]
[EventRounds "9"]
[EventCountry "CUB"]
[Source "lmi"]
[SourceDate "2007.05.18"]

1. d4 c5 2. d5 d6 3. e4 Nf6 4. Nc3 g6 5. Nf3 Bg7 6. Bc4 O-O 7. O-O Bg4 8. h3
Bxf3 9. Qxf3 Nbd7 10. Qd1 Nb6 11. Be2 e6 12. dxe6 fxe6 13. Bg5 h6 14. Be3 Qe7
15. a4 d5 16. a5 d4 17. axb6 dxc3 18. bxc3 Nxe4 19. Bc4 axb6 20. Rxa8 Rxa8 21.
Qg4 Nd6 22. Bd3 Nf5 23. Qxg6 Qf7 24. Bxf5 Qxf5 25. Qg3 Kh7 26. Qc7 Ra2 27. Qxb6
Rxc2 28. Bxc5 Rxc3 29. Be3 Qf7 30. Rd1 Rc7 31. Rd8 Be5 32. Qb5 Qf5 33. Kh1 Rg7
34. Rd7 Qe4 35. Qd3 Qxd3 36. Rxd3 b5 37. Bd2 Re7 38. f4 Bb8 39. Rb3 Rb7 40. g4
Kg6 41. Kg2 h5 42. Kf3 hxg4+ 43. hxg4 Bd6 44. Ke4 b4 45. f5+ exf5+ 46. gxf5+
Kf6 47. Kd5 Bf8 48. Kc6 Rf7 49. Bxb4 Bxb4 50. Rxb4 Kxf5 1/2-1/2

[Event "42. Torneo Capablanca In Memoriam-Open"]
[Site "La Habana CUB"]
[Date "2007.05.22"]
[Round "5.23"]
[White "Guillen Ramirez, Jose Antonio"]
[Black "Perez Mitjans, Orelvis"]
[Result "0-1"]
[WhiteElo "2246"]
[BlackElo "2433"]
[PlyCount "64"]
[EventDate "2007.05.18"]
[EventType "swiss"]
[EventRounds "9"]
[EventCountry "CUB"]
[Source "lmi"]
[SourceDate "2007.05.18"]

1. e4 c5 2. Nf3 g6 3. d4 cxd4 4. Qxd4 Nf6 5. Bg5 Nc6 6. Qe3 Bg7 7. c3 O-O 8.
Bc4 d6 9. Nbd2 Rb8 10. O-O Bd7 11. h3 b5 12. Bd5 Qc7 13. Bh6 Ne5 14. Qg5 Nc4
15. Bxc4 bxc4 16. e5 dxe5 17. Qh4 Rxb2 18. Nxc4 Rb5 19. Ne3 e4 20. Ng5 Qe5 21.
f4 exf3 22. Nxf3 Qe4 23. g4 Bxh6 24. Qxh6 Bxg4 25. Nxg4 Nxg4 26. hxg4 Qxg4+ 27.
Kf2 Rb2+ 28. Nd2 Rd8 29. Rad1 Rd3 30. Ke1 g5 31. Rxf7 Re3+ 32. Kf1 Qe2+ 0-1

[Event "42. Torneo Capablanca In Memoriam-Open"]
[Site "La Habana CUB"]
[Date "2007.05.22"]
[Round "5.24"]
[White "Ordaz Valdes, Lisandra"]
[Black "Gonzalez Perez, Arian"]
[Result "0-1"]
[WhiteElo "2222"]
[BlackElo "2430"]
[PlyCount "86"]
[EventDate "2007.05.18"]
[EventType "swiss"]
[EventRounds "9"]
[EventCountry "CUB"]
[Source "lmi"]
[SourceDate "2007.05.18"]

1. c4 Nf6 2. Nc3 c5 3. g3 d5 4. cxd5 Nxd5 5. Bg2 Nc7 6. Nf3 Nc6 7. O-O e5 8. d3
Be7 9. Nd2 Bd7 10. Nc4 O-O 11. a4 f6 12. Bd2 Rb8 13. f4 exf4 14. Bxf4 g5 15.
Bxc7 Qxc7 16. Nd5 Qd8 17. e4 Nb4 18. Nce3 Nxd5 19. Nxd5 Be6 20. Qh5 Bd6 21. Kh1
Be5 22. Rac1 b6 23. b3 Rb7 24. Rc2 Rg7 25. Qd1 Rg6 26. Qe1 h5 27. b4 h4 28.
bxc5 hxg3 29. Qe3 bxc5 30. Rxc5 Rh6 31. d4 Bd6 32. Rc6 Rxh2+ 33. Kg1 Bxd5 34.
exd5 Bf4 35. Rxf4 gxf4 36. Qxf4 Qb8 37. Rc7 Qb1+ 38. Bf1 Kh8 39. Qxg3 Rg8 40.
Rc8 Rh1+ 41. Kxh1 Qxf1+ 42. Kh2 Qe2+ 43. Kh1 Qh5+ 0-1

[Event "42. Torneo Capablanca In Memoriam-Open"]
[Site "La Habana CUB"]
[Date "2007.05.22"]
[Round "5.26"]
[White "Espinosa, Ermes"]
[Black "Hernandez, Ramon"]
[Result "1-0"]
[WhiteElo "2380"]
[BlackElo "2252"]
[PlyCount "165"]
[EventDate "2007.05.18"]
[EventType "swiss"]
[EventRounds "9"]
[EventCountry "CUB"]
[Source "lmi"]
[SourceDate "2007.05.18"]

1. e4 c5 2. Nf3 Nc6 3. Bb5 g6 4. O-O Bg7 5. c3 Nf6 6. Qa4 O-O 7. d4 cxd4 8.
cxd4 d5 9. e5 Nd7 10. Bxc6 Nb6 11. Qa5 bxc6 12. b3 Bg4 13. Nbd2 Nd7 14. Qxd8
Rfxd8 15. Ba3 Bf8 16. Rac1 Rdc8 17. Rc3 a5 18. Rfc1 Ra6 19. h3 Bxf3 20. Nxf3 e6
21. Bxf8 Kxf8 22. Ne1 Ke7 23. Nd3 Rb6 24. f4 Nb8 25. Rc5 a4 26. bxa4 Ra6 27.
Nb2 Nd7 28. R5c3 Rb6 29. Nd3 Ra6 30. Nb2 Rb6 31. Rb3 Ra6 32. Rb7 Kd8 33. Nd3
Rc7 34. Rb4 Rca7 35. Nb2 Kc7 36. Rb3 Ra5 37. Kf2 R7a6 38. Nd3 Rxa4 39. Nb4 Rb6
40. a3 Nb8 41. Rbc3 Kd7 42. Ke3 Ra7 43. g4 Na6 44. Nd3 Rab7 45. f5 gxf5 46.
gxf5 exf5 47. Kf4 Rb1 48. Kxf5 Rxc1 49. Nxc1 Nc7 50. Nb3 Ne6 51. Kf6 Rb8 52. h4
Rg8 53. Nc5+ Nxc5 54. dxc5 Rg4 55. h5 Rf4+ 56. Kg7 Ke6 57. Kxh7 Rg4 58. Rf3
Kxe5 59. Rxf7 Kd4 60. Rg7 Rh4 61. h6 Kxc5 62. Rg1 d4 63. Kg7 Kb5 64. h7 c5 65.
h8=Q Rxh8 66. Kxh8 d3 67. Rb1+ Ka4 68. Rc1 Kb5 69. Rb1+ Ka4 70. Rc1 Kb5 71.
Rb1+ Kc6 72. a4 c4 73. a5 c3 74. a6 c2 75. Ra1 d2 76. a7 c1=Q 77. a8=Q+ Kd6 78.
Qd8+ Ke6 79. Qg8+ Kd6 80. Qg3+ Kc6 81. Qf3+ Kd7 82. Qf5+ Kc6 83. Rxc1+ 1-0

[Event "42. Torneo Capablanca In Memoriam-Open"]
[Site "La Habana CUB"]
[Date "2007.05.22"]
[Round "5.28"]
[White "Ramon Pita, Vivian"]
[Black "Zambrana, Oswaldo"]
[Result "1/2-1/2"]
[WhiteElo "2259"]
[BlackElo "2495"]
[PlyCount "94"]
[EventDate "2007.05.18"]
[EventType "swiss"]
[EventRounds "9"]
[EventCountry "CUB"]
[Source "lmi"]
[SourceDate "2007.05.18"]

1. Nf3 Nf6 2. d4 g6 3. c4 Bg7 4. Nc3 O-O 5. e4 d6 6. Be2 Nbd7 7. O-O e5 8. d5
a5 9. Bg5 h6 10. Bh4 g5 11. Bg3 Nh5 12. Nd2 Nf4 13. Bg4 c6 14. Kh1 Qb6 15. Rb1
Nc5 16. Bxc8 Rfxc8 17. Qf3 Ng6 18. Qe3 a4 19. f3 Nf4 20. Rfd1 cxd5 21. cxd5 Qa5
22. Nc4 Qa6 23. Na3 b5 24. Ncxb5 Rab8 25. Nc3 Rb4 26. Bf2 Rcb8 27. Rd2 Ncd3 28.
Nd1 Bf6 29. g3 Nxf2+ 30. Qxf2 Ng6 31. Qe2 Qa7 32. Nc4 Qd7 33. Nde3 Ne7 34. Rc2
Bg7 35. g4 Ng6 36. Rbc1 Qd8 37. Nf5 Bf8 38. Qd2 Nf4 39. Nfe3 Qd7 40. Ng2 Nh3
41. Na5 R4b5 42. Nc6 Ra8 43. Ne3 Qb7 44. Nc4 Kh7 45. Na3 Rb6 46. Nc4 Rb5 47.
Na3 Rb6 1/2-1/2

[Event "42. Torneo Capablanca In Memoriam-Open"]
[Site "La Habana CUB"]
[Date "2007.05.22"]
[Round "5.29"]
[White "Gonzalez Vidal, Yuri"]
[Black "Garcia Pantoja, Roberto"]
[Result "1/2-1/2"]
[WhiteElo "2493"]
[BlackElo "2230"]
[PlyCount "64"]
[EventDate "2007.05.18"]
[EventType "swiss"]
[EventRounds "9"]
[EventCountry "CUB"]
[Source "lmi"]
[SourceDate "2007.05.18"]

1. d4 Nf6 2. c4 e6 3. Nc3 Bb4 4. e3 c5 5. Nge2 cxd4 6. exd4 O-O 7. a3 Be7 8. d5
exd5 9. cxd5 Bc5 10. Na4 d6 11. b4 Bb6 12. Nxb6 axb6 13. Nc3 Bg4 14. f3 Bf5 15.
Be2 Nbd7 16. Qd4 Re8 17. Kf2 Rc8 18. Bb2 Rxe2+ 19. Kxe2 Ne5 20. Rhd1 Rc4 21.
Qf2 Qe7 22. Qe3 Nh5 23. g3 Rf4 24. gxf4 Qh4 25. fxe5 Qxh2+ 26. Qf2 Nf4+ 27. Ke3
Ng2+ 28. Ke2 Nf4+ 29. Ke1 Ng2+ 30. Kd2 Qf4+ 31. Ke2 Qc4+ 32. Kd2 Qf4+ 1/2-1/2

[Event "42. Torneo Capablanca In Memoriam-Open"]
[Site "La Habana CUB"]
[Date "2007.05.22"]
[Round "5.30"]
[White "Borges Mateos, Juan"]
[Black "Fleitas Marti, Yuleikis"]
[Result "1-0"]
[WhiteElo "2482"]
[BlackElo "2165"]
[PlyCount "81"]
[EventDate "2007.05.18"]
[EventType "swiss"]
[EventRounds "9"]
[EventCountry "CUB"]
[Source "lmi"]
[SourceDate "2007.05.18"]

1. Nf3 c5 2. c4 Nc6 3. d4 cxd4 4. Nxd4 g6 5. e4 d6 6. Nc3 Nf6 7. Be2 Nxd4 8.
Qxd4 Bg7 9. Be3 O-O 10. Qd2 Qa5 11. Rc1 Be6 12. f3 Rfc8 13. b3 a6 14. Na4 Qxd2+
15. Kxd2 Nd7 16. Rhd1 f5 17. exf5 gxf5 18. f4 Rab8 19. Ba7 Ra8 20. Bg1 Rab8 21.
Re1 Bh6 22. g3 Ne5 23. Nb6 Rd8 24. b4 d5 25. cxd5 Bxd5 26. Nxd5 Rxd5+ 27. Kc2
Rc8+ 28. Kb3 Rxc1 29. Rxc1 Rd2 30. Rc2 Rxc2 31. Kxc2 Nc6 32. Kb3 Bg7 33. Kc4
Nb8 34. a4 Bf8 35. b5 axb5+ 36. Kxb5 Nd7 37. Bf3 e5 38. fxe5 b6 39. e6 Nc5 40.
a5 Nxe6 41. Kxb6 1-0

[Event "42. Torneo Capablanca In Memoriam-Open"]
[Site "La Habana CUB"]
[Date "2007.05.22"]
[Round "5.31"]
[White "Lebredo Zaragoitia, Gerardo"]
[Black "Duarte, Leonardo"]
[Result "0-1"]
[WhiteElo "2256"]
[BlackElo "2420"]
[PlyCount "74"]
[EventDate "2007.05.18"]
[EventType "swiss"]
[EventRounds "9"]
[EventCountry "CUB"]
[Source "lmi"]
[SourceDate "2007.05.18"]

1. d4 Nf6 2. c4 c5 3. d5 b5 4. cxb5 a6 5. b6 e6 6. Nc3 Nxd5 7. Nxd5 exd5 8.
Qxd5 Nc6 9. Nf3 Rb8 10. e4 Be7 11. Bc4 O-O 12. Bd2 Rxb6 13. Bc3 d6 14. Qh5 Bf6
15. O-O h6 16. Rfe1 Bxc3 17. bxc3 Rb2 18. e5 d5 19. Bd3 Be6 20. Bf5 Qe8 21. Qg4
Qd7 22. Bxe6 fxe6 23. Qa4 Qb7 24. Qg4 Nd8 25. Qg6 Qf7 26. Qd3 c4 27. Qe3 Nc6
28. Qc5 Qa7 29. Qxa7 Nxa7 30. Rab1 Rfb8 31. Rxb2 Rxb2 32. Nd4 Nb5 33. Nxe6 Nxc3
34. Nd4 Nb5 35. Nf3 c3 36. a4 c2 37. Nd2 Nc3 0-1

[Event "42. Torneo Capablanca In Memoriam-Open"]
[Site "La Habana CUB"]
[Date "2007.05.22"]
[Round "5.32"]
[White "Needleman, Alejandro"]
[Black "Quezada Perez, Yasser"]
[Result "1-0"]
[WhiteElo "2357"]
[BlackElo "2155"]
[PlyCount "45"]
[EventDate "2007.05.18"]
[EventType "swiss"]
[EventRounds "9"]
[EventCountry "CUB"]
[Source "lmi"]
[SourceDate "2007.05.18"]

1. e4 c5 2. Nf3 d6 3. Bc4 e6 4. O-O Nf6 5. Re1 Be7 6. Bb3 O-O 7. c3 Nc6 8. d4
e5 9. d5 Na5 10. Bc2 b5 11. Nbd2 c4 12. Nf1 Bd7 13. h3 Nb7 14. g4 a5 15. Ng3
Ne8 16. Kh2 Nc5 17. Qe2 Rb8 18. Nf5 g6 19. Bh6 gxf5 20. gxf5 Kh8 21. Rg1 Nd3
22. Bxd3 cxd3 23. Qf1 1-0